[Event "Salon de Provence op"]
[Site "Salon de Provence"]
[Date "2023.07.10"]
[Round "4.6"]
[White "Navarre Garot, Tristan"]
[Black "Colandrea, Sauveur"]
[Result "1/2-1/2"]
[WhiteElo "1221"]
[BlackElo "1540"]
[PlyCount "91"]
[EventDate "2023.07.08"]
[EventType "swiss"]
[EventRounds "9"]
[EventCountry "FRA"]
[SourceTitle "EXT 2024"]
[Source "ChessBase"]
[SourceDate "2023.10.10"]
[SourceVersion "1"]
[SourceVersionDate "2023.10.10"]
[SourceQuality "1"]

1. e4 e5 2. Nc3 Nf6 3. f4 d5 4. fxe5 Nxe4 5. Qf3 f5 6. d4 Be7 7. Nh3 0-0 8. Nf4 c6 9. Be2 Bh4+ 10. g3 Bg5 11. 0-0 Na6 12. a3 Qb6 13. Qd3 Qd8 14. Nh5 g6 15. Bxg5 Qxg5 16. Nf4 Nc7 17. Bf3 b6 18. Qe3 Ne6 19. Nce2 Ba6 20. Rfe1 Qe7 21. Nxe6 Qxe6 22. Nf4 Qe7 23. Be2 Bc8 24. c4 Be6 25. Rac1 Rac8 26. cxd5 Bxd5 27. Bb5 Rfd8 28. Nxd5 cxd5 29. Bc6 Rc7 30. Qb3 Kg7 31. Bxd5 Rxc1 32. Rxc1 Qg5 33. Rc7+ Kh6 34. Bxe4 fxe4 35. Qc3 Rf8 36. Qe1 e3 37. Rc3 Rf3 38. e6 Qd5 39. e7 Qe4 40. Qe2 Qb1+ 41. Kg2 Rf2+ 42. Qxf2 exf2 43. Kxf2 Qxb2+ 44. Kg1 Qb1+ 45. Kf2 Qb2+ 46. Kg1 1/2-1/2

[Event "Salon de Provence op"]
[Site "Salon de Provence"]
[Date "2023.07.08"]
[Round "1.5"]
[White "Duval, Jean Pierre"]
[Black "Navarre Garot, Tristan"]
[Result "0-1"]
[WhiteElo "1656"]
[BlackElo "1221"]
[PlyCount "62"]
[EventDate "2023.07.08"]
[EventType "swiss"]
[EventRounds "9"]
[EventCountry "FRA"]
[SourceTitle "EXT 2024"]
[Source "ChessBase"]
[SourceDate "2023.10.10"]
[SourceVersion "1"]
[SourceVersionDate "2023.10.10"]
[SourceQuality "1"]

1. e4 e5 2. Nf3 Nc6 3. Bb5 a6 4. Ba4 Bc5 5. 0-0 b5 6. Bb3 Nf6 7. Re1 0-0 8. c3 d5 9. exd5 Nxd5 10. Nxe5 Nxe5 11. Rxe5 c6 12. Bxd5 cxd5 13. d4 Bd6 14. Re1 Qh4 15. g3 Qh3 16. Qf3 Bf5 17. Qxd5 Rae8 18. Re3 Bd3 19. Nd2 Bf4 20. gxf4 Rxe3 21. fxe3 Qxe3+ 22. Kg2 Qe2+ 23. Kh3 Re8 24. Nb3 Be4 25. Qg5 h6 26. Qg4 Qd3+ 27. Qg3 Bf5+ 28. Kh4 Qe2 29. Bd2 g6 30. Qg1 Qh5+ 31. Kg3 Re2 0-1